| 000 | 01082nam a22003377a 4500 | ||
|---|---|---|---|
| 003 | CHAP | ||
| 005 | 20220329134844.0 | ||
| 008 | 971013s1983 r 00010 d | ||
| 010 | _a26998 | ||
| 011 | _a27970 | ||
| 035 | _a32071 | ||
| 040 | _cCHAP | ||
| 082 |
_a575.1 _bL3 |
||
| 100 | 0 | 0 |
_aLacadena, Juan Ramón. _964319 |
| 245 | _aGenética y condición humana | ||
| 260 |
_aBarcelona : _bAlhambra, _c1983 |
||
| 300 | _a178 p. | ||
| 490 |
_aExedra _v; 143 |
||
| 590 |
_aBATCH-UPD _b10 _c20130110 _lUCH01 _h1816 |
||
| 590 |
_aBATCH-UPD _b10 _c20130410 _lUCH01 _h1150 |
||
| 590 |
_aBATCH-UPD _b10 _c20130914 _lUCH01 _h1335 |
||
| 590 |
_aCONVERSION _b10 _c20130109 _lUCH01 _h1316 |
||
| 650 | 1 | 4 |
_aEvolución. _939007 |
| 650 | 1 | 4 |
_aGenética. _947469 |
| 830 | 0 |
_aExedra _v; 143 _939042 |
|
| 901 | _aBK | ||
| 942 | _cLIBRO | ||
| 949 |
_a575.1 L3 _bBC _cLIBRO _d33724000678496 _eLIBRO _fc.2 _h61145 _i32071 _si _t1625.00 |
||
| 949 |
_a575.1 L3 _bBC _cLIBRO _d33724000960449 _eLIBRO _h61144 _i32071 _si _t1625.00 |
||
| 949 |
_a575.1 L3 _bBC _cLIBRO _d33724002015264 _eLIBRO _fc.3 _h61146 _i32071 _si _t1625.00 |
||
| 999 |
_c26998 _d26998 |
||